|
|
|
|
| LEADER |
00626nab a2200181 i 4500 |
| 001 |
acta23158 |
| 005 |
20210413082637.0 |
| 008 |
161017s2011 hu o 0|| eng d |
| 022 |
|
|
|a 1588-385X
|
| 040 |
|
|
|a SZTE Egyetemi Kiadványok Repozitórium
|b hun
|
| 041 |
|
|
|a eng
|
| 100 |
1 |
|
|a Boldizsár Ákos
|
| 245 |
1 |
0 |
|a Redox regulation of cold acclimation and vernalization in wheat
|h [elektronikus dokumentum] /
|c Boldizsár Ákos
|
| 260 |
|
|
|c 2011
|
| 300 |
|
|
|a 63-66
|
| 490 |
0 |
|
|a Acta biologica Szegediensis
|v 55 No. 1
|
| 695 |
|
|
|a Természettudomány, Biológia
|
| 856 |
4 |
0 |
|u http://acta.bibl.u-szeged.hu/23158/1/5563.pdf
|z Dokumentum-elérés
|